| 000 | 00543nam a22001817a 4500 | ||
|---|---|---|---|
| 003 | AUA.1 | ||
| 005 | 20251118173945.0 | ||
| 008 | 250708b |||||||| |||| 00| 0 eng d | ||
| 040 | _cJTL | ||
| 100 | _aLeley, Jonah Kipkosegei | ||
| 245 |
_aThe meaning the phase "this generation" in Mathew 24:34 / _cJonah Kipkosegei Leley. |
||
| 260 | _cc2024. | ||
| 300 |
_avii, 84 leaves : _bIllustrations : _c30cm. |
||
| 650 | _aBible. Matthew | ||
| 650 | _aAge groups | ||
| 690 | _aMathew 24:34 | ||
| 942 |
_2aua _cTHESIS _hMABTS _i.L45 2024 |
||
| 999 |
_c25160 _d25160 |
||